000 00815nam a2200229 a 4500
001 000044380
003 DO-SdBNP
005 20180402085355.0
007 000044380
008 140626s1994 dr ac 000 0 spa d
040 _aBPMET
_bspa
_cBPMET
092 _axxxx
_bxxxx
100 1 _aGarcía, Mélida,
_d1956-
245 1 3 _aLa floresta :
_bcuentos infantiles con ilustraciones para colorear /
_cMélida García ; ilustraciones Katja Karina Féliz Montes de Oca.
260 _aSanto Domingo :
_bImpresos Computarizados,
_c[190?]
300 _a25 p. :
_bil. ;
_c27 cm.
590 _aLa biblioteca posee un ejemplar autografiado por la autora
700 1 _aFéliz Montes de Oca, Katja Karina
_eil.
942 _2ddc
_cBK
945 _aRemanejado para la BNPHU / 2018 VM
956 _aVMATEO
_b10
_c20140626
_lBPMSU
_h0069
999 _c7330
_d7330